000 00420nam a2200157Ia 4500
008 151021s9999 xx 000 0 und d
020 _a582005345
050 _aDA 355 .H17 1988
245 _a_Elizabeth 1 Christopher Haigh
260 _aLondon Longman 1988
300 _avii,198p.
500 _aIncludes index
500 _aIncludes index
650 _a_Queen-Elizabeth
980 _a^d20131014 03:46:13^oanne
999 _c14468
_d14468